000 00578nam a2200205Ia 4500
003 OSt
005 20251119095538.0
008 210210b1946 xxu||||| |||| 00| 0 eng d
040 _cAL
041 _aKannada
082 _a851/95
100 _aKULAKARNI (T)
_dಕುಲಕರ್ಣಿ (ಟಿ)
_9246301
245 _aPurandaradasara parichaya
_bಪುರಂದರದಾಸರ ಪರಿಚಯ
260 _aDharavada
_b-
_c1946
650 _aPurandaradasara
_9246302
650 _aparichaya
_9246303
690 _aKannada Poetry
_9246304
906 _a018112
942 _2ddc
_cBK
999 _c141242
_d141242